000 01082nam a22002777a 4500
001 BD-DhSAU 9278
003 BD-DhSAU
005 20260512112734.0
008 260512b2018 bg a|||| m||| 00| 0 eng d
040 _aBD-DhSAU
082 _222
_a631.4
_bSh158
100 _aAHMED, SHAKIL
_eRegistration # 22010022
245 _aEffect of npk and boron on the growth and yield of sunflower (helianthus annuus l.) in madhupur tract soil of bangladesh /
_bMS thesis
260 _aSher-e-Bangla Agricultural University;
_bDepartment of Soil Science, ;
_c2024.
300 _aix, 59p. :
_bill. ;
_c30 cm.
500 _aMS thesis of Department of Soil Science, ;, Faculty of Agriculture. Sher-e-Balgla Agricultural University Dhaka-1207
504 _aIncludes bibliographical reference.
590 _aNazmul
650 _anpk and boron
650 _asunflower (helianthus annuus l.)
651 _amadhupur tract soil
700 _aProf. A. T. M. Shamsuddoha
_eSuperviser
710 _eCo-Superviser
_aProf. Mst. Afrose Jahan
942 _2ddc
_cTHESIS
999 _c18379
_d18378